Numeros = (Record no. 27002)
[ view plain ]
| 000 -LEADER | |
|---|---|
| fixed length control field | 00636nam a22002177a 4500 |
| 001 - CONTROL NUMBER | |
| control field | sjds |
| 003 - CONTROL NUMBER IDENTIFIER | |
| control field | sjds |
| 005 - DATE AND TIME OF LATEST TRANSACTION | |
| control field | 20220504183923.0 |
| 008 - FIXED-LENGTH DATA ELEMENTS--GENERAL INFORMATION | |
| fixed length control field | 220504b sp ||||| |||| 00| 0 spa d |
| 020 ## - INTERNATIONAL STANDARD BOOK NUMBER | |
| International Standard Book Number | 0922852308 |
| 020 ## - INTERNATIONAL STANDARD BOOK NUMBER | |
| International Standard Book Number | 9780922852307 |
| 040 ## - CATALOGING SOURCE | |
| Transcribing agency | sjds |
| 041 ## - LANGUAGE CODE | |
| Language code of text/sound track or separate title | spa |
| -- | eng |
| 100 ## - MAIN ENTRY--PERSONAL NAME | |
| Personal name | Sanchez, Ricardo |
| 245 ## - TITLE STATEMENT | |
| Title | Numeros = |
| Remainder of title | Numbers / |
| Statement of responsibility, etc. | dibujos de Ricardo Sánchez. |
| 246 ## - VARYING FORM OF TITLE | |
| Title proper/short title | Numbers |
| 260 ## - PUBLICATION, DISTRIBUTION, ETC. (IMPRINT) | |
| Place of publication, distribution, etc. | Bilbao, Espana : |
| Name of publisher, distributor, etc. | FHERSAL ; Cincinnati, Ohio : Another Language Press, |
| Date of publication, distribution, etc. | [198-?] |
| 300 ## - PHYSICAL DESCRIPTION | |
| Extent | 1 volume (unpaged) : |
| Other physical details | color illustrations ; |
| Dimensions | 20 cm. |
| 440 ## - SERIES STATEMENT/ADDED ENTRY--TITLE | |
| Title | Coleccion Libros didacticos FHER. |
| 942 ## - ADDED ENTRY ELEMENTS (KOHA) | |
| Koha item type | Libro/Book |
| Withdrawn status | Lost status | Damaged status | Not for loan | Home library | Current library | Shelving location | Date acquired | Inventory number | Total Checkouts | Full call number | Barcode | Date last seen | Date checked out | Price effective from | Koha item type |
|---|---|---|---|---|---|---|---|---|---|---|---|---|---|---|---|
| San Juan Del Sur -- Biblioteca | San Juan Del Sur -- Biblioteca | Children's Area | 04/05/2022 | Inventory date: 15-5-25 | 2 | CAJA BILINGUE | 30028800 | 23/03/2026 | 23/02/2026 | 04/05/2022 | Libro/Book |